00263nam a2200121Ia 4500100002400000650001000024366000700034654001000041245002400051260003500075082000800110546002300118 aNambudiripad/K.B.M  aLATEX f25 aLATEX aLatex for begineers bNarosa Publication Housec2014 bNAM aENGLISHcComputers